[Event "World Youth Open U14 2016"]
[Site "Khanty-Mansiysk RUS"]
[Date "2016.10.01"]
[Round "9.19"]
[White "Piyumantha, M Sasith Nipun"]
[Black "Hua, Eugene"]
[Result "0-1"]
[WhiteTitle "FM"]
[BlackTitle "CM"]
[WhiteElo "2017"]
[BlackElo "2142"]
[WhiteFideId "9916148"]
[BlackFideId "2618150"]
[EventDate "2016.09.22"]

1. d4 Nf6 2. c4 e6 3. g3 c5 4. d5 exd5 5. cxd5 d6 6. Nc3 g6 7. Bg2 Bg7 8. Nf3
O-O 9. O-O Re8 10. Bf4 Bg4 11. h3 Bxf3 12. Bxf3 Na6 13. Qb3 b6 14. Nb5 Bf8 15.
Bg5 Bg7 16. Bf4 Bf8 17. Bg5 Be7 18. Bf4 Nc7 19. a4 a6 20. Nxc7 Qxc7 21. e4 Nd7
22. Bg4 h5 23. Bxd7 Qxd7 24. Kh2 g5 25. Bd2 g4 26. Qe3 Bf6 27. Qf4 Bxb2 28. Rab1
Bg7 29. Rxb6 Qxa4 30. Rb7 Rf8 31. hxg4 Rae8 32. Re1 hxg4 33. Qxg4 Qd4 34. Re2 f5
35. Qg6 Qf6 36. Qh5 fxe4 37. Bg5 Qf5 38. g4 Qh7 39. Qxh7+ Kxh7 40. Be7 Be5+ 41.
f4 Bxf4+ 42. Kh3 Rf7 43. Rxe4 Kg8 44. Re6 Rh7+ 45. Kg2 Rg7 46. Kf3 Rf7 47. Kg2
c4 48. Bxd6 Rxe6 49. Rb8+ Kg7 50. dxe6 Bxd6 51. Rd8 Bc7 52. Re8 Rf4 53. Re7+ Kf6
54. Rxc7 Kxe6 55. Kg3 Rd4 56. g5 Kd6 57. Rc8 Ke5 58. g6 Rd6 59. Rxc4 Rxg6+ 60.
Kf3 Kd5 61. Rc8 Re6 62. Kf4 Kd4 63. Kf5 Re5+ 64. Kf4 Re4+ 65. Kf5 Kd3 66. Ra8
Ra4 67. Ke5 Kc4 68. Ke4 a5 69. Rc8+ Kb3+ 70. Kd3 Rb4 71. Rc3+ Kb2 72. Rc2+ Kb1
73. Kc3 Rb8 74. Rh2 a4 75. Rh1+ Ka2 76. Rh2+ Ka3 77. Rc2 Rb1 78. Kd2 Kb4 79. Rc8
Kb3 80. Rc3+ Kb2 81. Rc2+ Ka1 82. Rc4 a3 83. Rc3 Kb2 84. Rc2+ Kb3 85. Rc3+ Kb4
86. Rc2 Rh1 87. Kd3 Rh3+ 88. Kd4 Kb3 89. Rc8 Kb2 90. Rg8 a2 91. Rg2+ Ka3 92. Rg1
Rb3 0-1

[Event "World Youth Open U14 2016"]
[Site "Khanty-Mansiysk RUS"]
[Date "2016.10.01"]
[Round "9.20"]
[White "Ganerdene, Sugar"]
[Black "Emanuel, Yahav"]
[Result "1/2-1/2"]
[WhiteElo "2056"]
[BlackElo "2014"]
[WhiteFideId "4902980"]
[BlackFideId "2814790"]
[EventDate "2016.09.22"]

1. e4 e5 2. Nf3 Nc6 3. Bc4 Nf6 4. d3 h6 5. O-O d6 6. c3 g6 7. Re1 Bg7 8. Bb3 O-O
9. Nbd2 Qe7 10. Nf1 Be6 11. Ng3 Rad8 12. Bc2 d5 13. Qe2 dxe4 14. dxe4 Ne8 15.
Ba4 Na5 16. b4 Nc4 17. Bb3 Ned6 18. Nd2 b5 19. Nxc4 Nxc4 20. a4 a6 21. axb5 axb5
22. Ra6 Rd6 23. Rxd6 cxd6 24. Rd1 Ra8 25. Qc2 Ra6 26. Nf1 Qb7 27. f3 h5 28. Kh1
Qb6 29. Qe2 Qc6 30. Re1 Ra1 31. h3 Kh7 32. Kh2 Nb6 33. Bxe6 fxe6 34. Bd2 Ra3 35.
Rc1 Nc4 36. Be1 Bh6 37. Rd1 Qa6 38. Qf2 Bf4+ 39. Kh1 Qa4 40. Rd3 Ra2 41. Qh4 Qa7
42. Rd1 Qf7 43. Qd8 Ra7 44. Bf2 Qc7 45. Qxc7+ Rxc7 46. g3 Bg5 47. Kg2 Kg7 48. h4
Bh6 49. Rd3 Kf7 50. g4 hxg4 51. fxg4 Bf8 52. Ng3 Be7 53. g5 Kg7 54. Kh3 Rc8 55.
Rf3 Rf8 56. Rxf8 Kxf8 57. Kg4 1/2-1/2

[Event "World Youth Open U14 2016"]
[Site "Khanty-Mansiysk RUS"]
[Date "2016.10.01"]
[Round "9.21"]
[White "Marchuk, Rostislav"]
[Black "Ismagilov, Damir"]
[Result "1-0"]
[WhiteElo "2054"]
[BlackElo "1927"]
[WhiteFideId "34126195"]
[BlackFideId "34199982"]
[EventDate "2016.09.22"]

1. d4 d5 2. Nf3 Nf6 3. e3 g6 4. c4 c6 5. Nc3 Bg7 6. Bd3 O-O 7. O-O Nbd7 8. b3
Re8 9. Bb2 b6 10. Qe2 Bb7 11. Rfd1 Rc8 12. Rac1 dxc4 13. Bxc4 Qc7 14. e4 Qb8 15.
e5 Nd5 16. e6 Nf8 17. exf7+ Kxf7 18. Nxd5 cxd5 19. Bb5 Red8 20. Ng5+ Kg8 21.
Qxe7 a6 22. Bd3 Rd7 23. Qe2 Re8 24. Qg4 Bc8 25. Qh4 Bf6 26. Qh6 Qf4 27. Nf7 Qg4
28. h3 Qe6 29. Ne5 Bxe5 30. dxe5 Rf7 31. Be2 Qf5 32. Bf3 Ne6 33. Qe3 Nf4 34.
Bxd5 Be6 35. Bxe6 Rxe6 36. Qf3 Qg5 37. Rc8+ Kg7 38. Qg4 Qxg4 39. hxg4 Ne2+ 40.
Kf1 Ng3+ 41. Ke1 Ne4 42. f3 Nc5 43. Rcd8 h5 44. gxh5 gxh5 45. Ke2 Kg6 46. R8d6
Kf5 47. b4 Na4 48. Rxe6 Kxe6 49. Rd6+ Ke7 50. Bd4 Rg7 51. Kf2 Rg5 52. Rh6 Rf5
53. Rf6 Rg5 54. f4 Rg4 55. Kf3 Rh4 56. Bxb6 Nc3 57. Bc5+ Kd8 58. e6 Nd5 59. e7+
Nxe7 60. Rf8+ Kd7 61. Rf7 Kc6 62. Rxe7 Rh1 63. Re6+ 1-0

[Event "World Youth Open U14 2016"]
[Site "Khanty-Mansiysk RUS"]
[Date "2016.10.01"]
[Round "9.22"]
[White "Fomin, Maxim"]
[Black "Salimov, Ruslan"]
[Result "0-1"]
[WhiteElo "1941"]
[BlackElo "2026"]
[WhiteFideId "14137771"]
[BlackFideId "13709801"]
[EventDate "2016.09.22"]

1. d4 Nf6 2. c4 e6 3. Nc3 Bb4 4. Qc2 d5 5. e3 O-O 6. Bd2 b6 7. cxd5 exd5 8. a3
Bxc3 9. Bxc3 c5 10. dxc5 bxc5 11. Rd1 Nbd7 12. Bxf6 Qxf6 13. Rxd5 Rb8 14. Rd2
Ne5 15. Ne2 Rxb2 0-1

[Event "World Youth Open U14 2016"]
[Site "Khanty-Mansiysk RUS"]
[Date "2016.10.01"]
[Round "9.23"]
[White "Neelash, Saha"]
[Black "Kizatbay, Abyl"]
[Result "1-0"]
[WhiteElo "2020"]
[BlackElo "1892"]
[WhiteFideId "5094160"]
[BlackFideId "1521853"]
[EventDate "2016.09.22"]

1. d4 Nf6 2. c4 g6 3. Nc3 d5 4. Nf3 Bg7 5. Qb3 dxc4 6. Qxc4 O-O 7. e4 a6 8. Be2
b5 9. Qb3 c5 10. dxc5 Bb7 11. e5 Nfd7 12. Be3 Nxe5 13. Nxe5 Bxe5 14. Rd1 Qa5 15.
O-O Nc6 16. Nd5 Rad8 17. Bf3 Bc8 18. Bd2 Qa4 19. Qxa4 bxa4 20. Bh6 Bg7 21. Nf6+
exf6 22. Bxg7 Kxg7 23. Bxc6 a3 24. bxa3 Be6 25. Bb7 Bc8 26. c6 Bxb7 27. cxb7 Rb8
28. Rd7 Rfe8 29. g3 Re2 30. Rc1 Rb2 31. Rcc7 Kh6 32. Rxf7 Kg5 33. Rxh7 Kg4 34.
Rh4+ Kf3 35. Rf4+ Ke2 36. Rb4 Rxa2 37. Rc8 Ra1+ 38. Kg2 Rxb7 39. Rxb7 Rxa3 40.
Rd8 1-0

[Event "World Youth Open U14 2016"]
[Site "Khanty-Mansiysk RUS"]
[Date "2016.10.01"]
[Round "9.24"]
[White "Gunduz, Umut Erdem"]
[Black "Akulov, Lev"]
[Result "1-0"]
[WhiteElo "2109"]
[BlackElo "1810"]
[WhiteFideId "6381383"]
[BlackFideId "242853"]
[EventDate "2016.09.22"]

1. e4 c5 2. Nf3 d6 3. d4 cxd4 4. Nxd4 Nf6 5. f3 e6 6. c4 Be7 7. Nc3 O-O 8. Be3
Nc6 9. Be2 d5 10. Nxc6 bxc6 11. e5 Nd7 12. f4 Bh4+ 13. g3 Be7 14. O-O a5 15. Na4
Ba6 16. Qc2 c5 17. Bd3 d4 18. Bd2 h6 19. Rae1 Qc7 20. Qd1 Bb7 21. b3 f5 22. exf6
Rxf6 23. f5 e5 24. Be4 Bxe4 25. Rxe4 Bd6 26. Rg4 Nf8 27. Be1 Qc6 28. Qe2 Nd7 29.
Bd2 Bc7 30. Nb2 Raf8 31. Qd3 Kh8 32. Rh4 Kg8 33. Nd1 a4 34. bxa4 Ra8 1-0

[Event "World Youth Open U14 2016"]
[Site "Khanty-Mansiysk RUS"]
[Date "2016.10.01"]
[Round "9.25"]
[White "Araoz Andrade, Ivan Alexander"]
[Black "Haring, Filip"]
[Result "1/2-1/2"]
[WhiteElo "1746"]
[BlackElo "2099"]
[WhiteFideId "3825299"]
[BlackFideId "14933080"]
[EventDate "2016.09.22"]

1. e4 c5 2. Nf3 Nc6 3. Bb5 e6 4. O-O Nge7 5. d4 cxd4 6. Nxd4 Nxd4 7. Qxd4 a6 8.
Be2 Nc6 9. Qd1 Bc5 10. c4 O-O 11. Nd2 d6 12. Nf3 e5 13. a3 a5 14. b3 h6 15. Be3
Bxe3 16. fxe3 Be6 17. Kh1 Re8 18. Qd2 Qb6 19. Qc3 Nb8 20. Rac1 Na6 21. Nd2 Qc5
22. Nb1 Qc6 23. Bf3 a4 24. b4 Bxc4 25. Rfd1 Rac8 26. Nd2 Bb5 27. Qxc6 Rxc6 28.
Rxc6 bxc6 29. Nb1 Kf8 30. Nc3 Nc7 31. Rg1 Re7 32. Rb1 1/2-1/2

[Event "World Youth Open U14 2016"]
[Site "Khanty-Mansiysk RUS"]
[Date "2016.10.01"]
[Round "9.26"]
[White "Nanayakkara, J A K Saranath"]
[Black "Vaino, Nikita"]
[Result "1-0"]
[WhiteElo "1923"]
[BlackElo "1781"]
[WhiteFideId "9924906"]
[BlackFideId "4504674"]
[EventDate "2016.09.22"]

1. d4 Nf6 2. Nf3 e6 3. Bf4 d5 4. c4 Bd6 5. Bg3 c6 6. Nc3 Ne4 7. Qc2 f5 8. e3 O-O
9. Bd3 a5 10. Bxe4 fxe4 11. Ne5 Na6 12. a3 Qe7 13. O-O Bd7 14. Qe2 Nc7 15. c5
Bxe5 16. Bxe5 Ne8 17. f3 exf3 18. Rxf3 Rf5 19. e4 dxe4 20. Nxe4 Nf6 21. Rg3 Kh8
22. Nd6 Rg8 23. Re1 Nd5 24. Nxf5 exf5 25. Qd2 Qf7 26. Qg5 f4 27. Rf3 Rf8 28.
Ref1 Qg6 29. Qxg6 hxg6 30. Bxf4 Nxf4 31. Rxf4 Rxf4 32. Rxf4 Kg8 33. Kf2 g5 34.
Rf3 g4 35. Rf4 g6 36. Kg3 Kg7 37. Rxg4 Bxg4 38. Kxg4 Kf6 39. h4 Ke6 40. Kg5 Kf7
41. g4 Kg7 42. h5 1-0

[Event "World Youth Open U14 2016"]
[Site "Khanty-Mansiysk RUS"]
[Date "2016.10.01"]
[Round "9.27"]
[White "Ajigulov, Nurmat"]
[Black "Mochalin, Faddey"]
[Result "0-1"]
[WhiteElo "1626"]
[BlackElo "1912"]
[WhiteFideId "13801970"]
[BlackFideId "34147290"]
[EventDate "2016.09.22"]

1. Nf3 c5 2. g3 Nc6 3. Bg2 g6 4. e3 Bg7 5. d4 cxd4 6. exd4 Qb6 7. O-O Nxd4 8.
Be3 Nxf3+ 9. Bxf3 Qc7 10. Nc3 Bxc3 11. bxc3 Nf6 12. Re1 d6 13. Bh6 Nd7 14. Bd5
Nc5 15. Bg5 Be6 16. c4 Qd7 17. Qd4 O-O-O 18. Bxe6 fxe6 19. Qh4 h6 20. Bxh6 Rh7
21. Qf4 e5 22. Qe3 Rdh8 23. Bg5 Rxh2 24. Kf1 Qg4 25. Bh4 R8xh4 26. f3 Qh3+ 0-1

[Event "World Youth Open U14 2016"]
[Site "Khanty-Mansiysk RUS"]
[Date "2016.10.01"]
[Round "9.28"]
[White "Skalsky, Alexandr"]
[Black "Piccoli, Lucas Fonseca"]
[Result "0-1"]
[WhiteElo "2085"]
[BlackElo "1816"]
[WhiteFideId "381799"]
[BlackFideId "2190788"]
[EventDate "2016.09.22"]

1. e4 c6 2. d4 d5 3. Nc3 dxe4 4. Nxe4 Bf5 5. Ng3 Bg6 6. h4 h6 7. N1e2 Nd7 8. Nf4
Bh7 9. Bc4 e6 10. Qe2 Rc8 11. O-O Ngf6 12. Re1 Nd5 13. Bxd5 cxd5 14. Bd2 Nf6 15.
Ngh5 Ne4 16. Rad1 g6 17. Ng3 g5 18. hxg5 hxg5 19. Nh3 Be7 20. Qh5 Nf6 21. Qxg5
Rg8 22. Qe3 Bxc2 23. Rc1 Ne4 24. Nxe4 Bxe4 25. f3 Bf5 26. Nf4 Rc6 27. Rxc6 bxc6
28. Rc1 Qb6 29. Qc3 Kd7 30. a4 e5 31. Ne2 Bf6 32. Be3 e4 33. Bf2 Re8 34. f4 Bg4
35. Kf1 Qa6 36. Rc2 Qxa4 37. Be3 Qb5 38. Qa3 a5 39. Qc3 Rc8 40. Kf2 Qd3 41. Rd2
Qb5 42. Qa3 Be7 43. Nc3 Bxa3 44. Nxb5 cxb5 45. bxa3 Rc3 46. Ra2 Rc4 47. Ke1 Rc6
48. Kd2 Rb6 49. Bf2 Ke7 50. Ke1 Bd7 51. Kd2 b4 52. axb4 axb4 53. Rc2 Bb5 54. Rc1
b3 55. Rc5 Bd3 0-1

[Event "World Youth Open U14 2016"]
[Site "Khanty-Mansiysk RUS"]
[Date "2016.10.01"]
[Round "9.29"]
[White "Balashov, Egor"]
[Black "Oboladze, Luka"]
[Result "0-1"]
[WhiteElo "1799"]
[BlackElo "2083"]
[WhiteFideId "34125768"]
[BlackFideId "13608207"]
[EventDate "2016.09.22"]

1. d4 Nf6 2. Nf3 g6 3. Bg5 Bg7 4. c3 O-O 5. Nbd2 d5 6. e3 b6 7. b4 Bb7 8. Bd3
Nbd7 9. O-O Ne4 10. Bf4 f6 11. Nxe4 dxe4 12. Bc4+ Kh8 13. Nd2 f5 14. Bg3 e5 15.
h3 f4 16. Bh2 f3 17. d5 Qg5 18. Bg3 fxg2 19. Nxe4 gxf1=Q+ 20. Qxf1 Qe7 0-1

[Event "World Youth Open U14 2016"]
[Site "Khanty-Mansiysk RUS"]
[Date "2016.10.01"]
[Round "9.30"]
[White "Thybo, Thomas Sondergaard"]
[Black "Varbanov, Vladimir"]
[Result "1/2-1/2"]
[WhiteElo "1971"]
[BlackElo "1794"]
[WhiteFideId "1441299"]
[BlackFideId "2917505"]
[EventDate "2016.09.22"]

1. g3 d5 2. Bg2 Nf6 3. c4 e6 4. Nf3 c5 5. O-O Nc6 6. cxd5 exd5 7. d4 Be6 8. Nc3
c4 9. Ne5 Be7 10. Qa4 Qb6 11. Bg5 O-O 12. Bxf6 Bxf6 13. Nxd5 Bxd5 14. Bxd5 Qxd4
15. Bxc6 Bxe5 16. Bxb7 Rab8 17. Ba6 Qxb2 18. Bxc4 Rb4 19. Qc6 Rb6 20. Qf3 Qxa1
21. Rxa1 Bxa1 22. h4 Bf6 23. Qd5 Rbb8 24. Kg2 Rbd8 25. Qb7 a5 26. h5 h6 27. Qe4
Rfe8 28. Qf5 Re5 29. Qf3 Rde8 30. Qb7 R8e7 31. Qa8+ Re8 1/2-1/2

[Event "World Youth Open U14 2016"]
[Site "Khanty-Mansiysk RUS"]
[Date "2016.10.01"]
[Round "9.31"]
[White "Dolgikh, Evgeniy"]
[Black "Hsu, Hsuan-Ming"]
[Result "1-0"]
[WhiteElo "1904"]
[BlackElo "1727"]
[WhiteFideId "34125873"]
[BlackFideId "16300823"]
[EventDate "2016.09.22"]

1. d4 Nf6 2. Nf3 g6 3. c4 Bg7 4. Nc3 O-O 5. e4 d6 6. Be2 e5 7. O-O Nc6 8. d5 Ne7
9. b4 a5 10. Ba3 Nd7 11. Ne1 f5 12. Nd3 Nf6 13. f3 f4 14. bxa5 Rxa5 15. Bb4 Ra6
16. c5 g5 17. Nb2 Ra8 18. Nb5 Ne8 19. Nc4 Rf6 20. Qb3 Ng6 21. a4 Bf8 22. cxd6
cxd6 23. a5 h5 24. Nb6 Ra6 25. Rac1 Rxb6 26. axb6 Qxb6+ 27. Kh1 Bd7 28. Be1 g4
29. Bf2 Qd8 30. Na7 Rf7 31. Bb5 Qg5 32. Bxd7 Rxd7 33. Qb5 Nf6 34. Be1 g3 35. h3
Qh4 36. Qe2 Nh7 37. Nb5 Ng5 38. Kg1 Nh8 39. Rc7 Nhf7 40. Rxd7 Nxh3+ 41. gxh3 Ng5
42. Qc2 Nxh3+ 43. Kg2 Nf2 44. Rxf2 Qh2+ 45. Kf1 Qh3+ 46. Rg2 1-0

[Event "World Youth Open U14 2016"]
[Site "Khanty-Mansiysk RUS"]
[Date "2016.10.01"]
[Round "9.32"]
[White "Osaka, Takuma"]
[Black "Essa, Naseem Ahmed"]
[Result "1-0"]
[BlackTitle "FM"]
[WhiteElo "1888"]
[BlackElo "1771"]
[WhiteFideId "7002084"]
[BlackFideId "14316560"]
[EventDate "2016.09.22"]

1. d4 Nf6 2. c4 g6 3. Nc3 d5 4. Nf3 Bg7 5. Qb3 dxc4 6. Qxc4 O-O 7. e4 Be6 8. d5
Bc8 9. Be2 c6 10. Bf4 cxd5 11. exd5 Ne8 12. O-O Nd7 13. Rfd1 Nb6 14. Qb3 Nd6 15.
a4 a5 16. Rac1 Bxc3 17. Rxc3 Bd7 18. Rd4 Nf5 19. Bc7 Nxd4 20. Nxd4 Bxa4 21. Qxb6
Qxd5 22. Bf3 Qa2 23. g3 Ra6 24. Qxb7 Rf6 25. Kg2 Qb1 26. Be5 Rd8 27. Qxe7 Rxf3
28. Qxd8+ 1-0

[Event "World Youth Open U14 2016"]
[Site "Khanty-Mansiysk RUS"]
[Date "2016.10.01"]
[Round "9.33"]
[White "Sabirov, Timur"]
[Black "Slater-Jones, Henry"]
[Result "0-1"]
[BlackTitle "CM"]
[WhiteElo "1791"]
[BlackElo "1825"]
[WhiteFideId "44107323"]
[BlackFideId "3222101"]
[EventDate "2016.09.22"]

1. e4 c5 2. Nf3 d6 3. d4 cxd4 4. Nxd4 Nf6 5. Nc3 a6 6. f3 h5 7. Be3 e5 8. Nb3
Be6 9. Qd2 Qc7 10. O-O-O Nbd7 11. Kb1 Rc8 12. Rc1 Be7 13. Be2 Nb6 14. Rhd1 Nc4
15. Bxc4 Bxc4 16. Na4 b5 17. Nb6 Rb8 18. Nxc4 Qxc4 19. Na5 Qc7 20. Nb3 O-O 21.
Qd3 Rfc8 22. Nd2 Nd7 23. c4 b4 24. Nf1 Nc5 25. Qd2 Na4 26. b3 Nc3+ 27. Rxc3 bxc3
28. Qxc3 Qxc4 29. Qxc4 Rxc4 30. Bc1 Kf8 31. Ne3 Rc6 32. Ba3 g6 33. g3 f6 34. f4
exf4 35. gxf4 Kf7 36. Nd5 Bf8 37. Rd4 Ke6 38. Nb4 Rcb6 39. Nd5 R6b7 40. Nb4 f5
41. Nc2 fxe4 42. Rxe4+ Kf5 43. Rd4 Kg4 44. Bc1 Re8 45. Rd3 Kf5 46. Rg3 Bg7 47.
Rg5+ Kf6 48. Rg2 Re4 49. Rd2 Rb6 50. Rg2 Bh6 51. Ne3 Rb5 52. Nc2 Bxf4 53. Bb2+
Be5 54. Rf2+ Kg7 55. Bc1 Rh4 56. Na3 Rxh2 57. Rf3 Rb7 58. Nc4 Re7 59. a4 Rf7 60.
Rd3 Bf4 61. Bb2+ Kh7 62. b4 g5 0-1

[Event "World Youth Open U14 2016"]
[Site "Khanty-Mansiysk RUS"]
[Date "2016.10.01"]
[Round "9.34"]
[White "Hafstad, Leif"]
[Black "Izumi, Haruki"]
[Result "1-0"]
[WhiteElo "1705"]
[BlackElo "1549"]
[WhiteFideId "438030"]
[BlackFideId "7001703"]
[EventDate "2016.09.22"]

1. e4 e5 2. Nf3 Nc6 3. Bb5 g6 4. O-O Bg7 5. c3 a6 6. Ba4 Nge7 7. d4 exd4 8. Nxd4
Nxd4 9. cxd4 O-O 10. Nc3 d5 11. exd5 Nxd5 12. Bb3 Ne7 13. d5 b6 14. Bf4 Nf5 15.
Qd2 Bb7 16. Rad1 Qd7 17. d6 cxd6 18. Bxd6 Rfd8 19. Bf4 Qc6 20. Qxd8+ Rxd8 21.
Rxd8+ Bf8 22. Bd5 Qf6 23. Rxf8+ Kxf8 24. Bxb7 b5 25. Re1 Qb6 26. Be4 Kg7 27.
Bxf5 gxf5 28. Nd5 Qa5 29. Be5+ Kf8 30. Rc1 Qd8 31. Bf6 Qa8 32. Nb6 1-0

[Event "World Youth Open U14 2016"]
[Site "Khanty-Mansiysk RUS"]
[Date "2016.10.01"]
[Round "9.35"]
[White "Chursin, Aleksandr"]
[Black "Ryabov, Georgi"]
[Result "1-0"]
[WhiteElo "1675"]
[BlackElo "1572"]
[WhiteFideId "34106666"]
[BlackFideId "44107315"]
[EventDate "2016.09.22"]

1. c4 h6 2. Nc3 g6 3. g3 Bg7 4. Bg2 Nf6 5. d4 O-O 6. e4 d6 7. Nge2 c6 8. O-O e5
9. d5 c5 10. a3 a6 11. b4 b6 12. Qc2 Nh7 13. f4 f6 14. Be3 Nd7 15. Rfb1 g5 16.
bxc5 bxc5 17. a4 f5 18. exf5 exf4 19. gxf4 Ndf6 20. fxg5 hxg5 21. Rf1 Ng4 22.
Bd2 Qf6 23. h3 Ne5 24. Ne4 Qe7 25. N2g3 g4 26. f6 Bxf6 27. Bh6 Rf7 28. hxg4 Nf3+
29. Bxf3 Bxa1 30. g5 Bd4+ 31. Kg2 Rb8 32. Rb1 Qd7 33. Nf2 Rxb1 34. Qxb1 Bxf2 35.
Kxf2 Qb7 36. Qg6+ Kh8 37. Qxd6 Qc7 38. Ne4 Bf5 39. g6 1-0

[Event "World Youth Open U14 2016"]
[Site "Khanty-Mansiysk RUS"]
[Date "2016.10.02"]
[Round "10.1"]
[White "Davtyan, Artur"]
[Black "Lomasov, Semen"]
[Result "1/2-1/2"]
[WhiteTitle "FM"]
[BlackTitle "FM"]
[WhiteElo "2280"]
[BlackElo "2393"]
[WhiteFideId "13308327"]
[BlackFideId "24164879"]
[EventDate "2016.09.22"]

1. d4 Nf6 2. c4 e6 3. Nc3 Bb4 4. Qc2 O-O 5. a3 Bxc3+ 6. Qxc3 d5 7. Bg5 dxc4 8.
Qxc4 b6 9. Nf3 Ba6 10. Qa4 Qd7 11. Qxd7 Nbxd7 12. Bxf6 Nxf6 13. e3 Bb7 14. Rc1
Rac8 15. Bd3 c5 16. dxc5 Nd7 17. b4 bxc5 18. Ke2 cxb4 19. axb4 Bxf3+ 20. gxf3
Rb8 1/2-1/2

[Event "World Youth Open U14 2016"]
[Site "Khanty-Mansiysk RUS"]
[Date "2016.10.02"]
[Round "10.2"]
[White "Zhao, Chenxi"]
[Black "Esipenko, Andrey"]
[Result "0-1"]
[BlackTitle "FM"]
[WhiteElo "2124"]
[BlackElo "2490"]
[WhiteFideId "8611513"]
[BlackFideId "24175439"]
[EventDate "2016.09.22"]

1. e4 e5 2. Nf3 Nc6 3. Bb5 a6 4. Ba4 Nf6 5. O-O Be7 6. Re1 b5 7. Bb3 O-O 8. c3
d6 9. h3 Bb7 10. d4 Nd7 11. Nbd2 exd4 12. cxd4 Bf6 13. Nf1 Na5 14. Bc2 Re8 15.
Ng3 g6 16. b3 c5 17. Rb1 Nc6 18. d5 Nd4 19. Nxd4 Bxd4 20. Ne2 Bg7 21. Bf4 Ne5
22. a4 b4 23. Nc1 a5 24. Bxe5 Bxe5 25. Bd3 Qf6 26. Bb5 Re7 27. Nd3 Bc3 28. Re3
Bd4 29. Rf3 Qg7 30. Rf4 g5 31. Rg4 Bc8 32. Rg3 Rxe4 33. Qf3 Re7 34. Qh5 h6 35.
h4 g4 36. Kf1 Qf6 37. Re1 Rxe1+ 38. Kxe1 Bf5 39. f3 c4 40. Rxg4+ Bxg4 41. Qxg4+
Kh8 42. Bxc4 Rg8 43. Qh3 Re8+ 44. Kd1 Bf2 45. Nxf2 Qa1+ 0-1

[Event "World Youth Open U14 2016"]
[Site "Khanty-Mansiysk RUS"]
[Date "2016.10.02"]
[Round "10.3"]
[White "Zarubitski, Viachaslau"]
[Black "Teclaf, Pawel"]
[Result "0-1"]
[WhiteTitle "FM"]
[BlackTitle "CM"]
[WhiteElo "2340"]
[BlackElo "2342"]
[WhiteFideId "13509373"]
[BlackFideId "1185934"]
[EventDate "2016.09.22"]

1. e4 c5 2. Nf3 d6 3. d4 cxd4 4. Nxd4 Nf6 5. Nc3 a6 6. Be3 e6 7. Be2 Be7 8. Qd2
Qc7 9. g4 b5 10. g5 Nfd7 11. a3 Bb7 12. h4 Nc6 13. Nxc6 Bxc6 14. O-O-O Rb8 15.
Qd4 O-O 16. h5 Rfc8 17. g6 Nf6 18. gxf7+ Kxf7 19. f4 Bxe4 20. Rh2 Bf5 21. Rg2
Bf8 22. Rdg1 Qc6 23. Bf2 Rc7 24. Bh4 Qc5 25. Bxf6 gxf6 26. Qxc5 Rxc5 27. Rg8
Rbc8 28. Bf3 d5 29. Kb1 Bh6 30. R8g2 a5 31. Bd1 b4 32. Na4 R5c6 33. axb4 axb4
34. b3 Ke7 35. Rf2 Kd6 36. Rg3 Be4 37. Kb2 f5 38. Kb1 R6c7 39. Nb2 Bg7 40. h6
Bd4 41. Rd2 Bc3 42. Rh2 e5 43. Na4 exf4 44. Rg5 Bf6 45. Rg1 f3 46. Rf1 Be5 47.
Rhf2 Bd4 48. Rxf3 Bxf3 49. Rxf3 Ke5 50. Nb2 Ra7 51. Nd3+ Kd6 52. Nb2 Rca8 53.
Na4 Bc3 54. Rxc3 Rxa4 0-1

[Event "World Youth Open U14 2016"]
[Site "Khanty-Mansiysk RUS"]
[Date "2016.10.02"]
[Round "10.4"]
[White "Shubin, Kirill"]
[Black "Sargsyan, Shant"]
[Result "0-1"]
[WhiteTitle "FM"]
[BlackTitle "CM"]
[WhiteElo "2304"]
[BlackElo "2440"]
[WhiteFideId "34119962"]
[BlackFideId "13306766"]
[EventDate "2016.09.22"]

1. e4 c5 2. Nf3 d6 3. d4 cxd4 4. Nxd4 Nf6 5. Nc3 Nc6 6. Bc4 e6 7. Be3 a6 8. Qe2
Be7 9. O-O-O Qc7 10. f3 Na5 11. Bb3 b5 12. Kb1 Nxb3 13. cxb3 Bb7 14. g4 O-O 15.
g5 Nh5 16. Qd2 g6 17. Nde2 f5 18. exf5 Rxf5 19. Nd4 Bxf3 20. Nxf5 gxf5 21. g6
hxg6 22. Rhg1 b4 23. Ne2 Kf7 24. Rc1 Qb7 25. Nd4 Be4+ 26. Ka1 e5 27. Ne2 f4 28.
Bf2 a5 29. Rgd1 Ke6 30. Bh4 Bf8 31. Rc4 d5 32. Rcc1 Bd6 33. Rc4 Ra6 34. Rcc1 Qb5
35. a4 bxa3 36. Qc3 axb2+ 0-1

[Event "World Youth Open U14 2016"]
[Site "Khanty-Mansiysk RUS"]
[Date "2016.10.02"]
[Round "10.5"]
[White "Ibrahimli, Murad"]
[Black "Shevchenko, Kirill"]
[Result "0-1"]
[BlackTitle "FM"]
[WhiteElo "2203"]
[BlackElo "2438"]
[WhiteFideId "13410229"]
[BlackFideId "14129574"]
[EventDate "2016.09.22"]

1. d4 Nf6 2. c4 e6 3. Nf3 b6 4. g3 Bb7 5. Bg2 Be7 6. O-O O-O 7. Nc3 Ne4 8. Bd2
Bf6 9. Rc1 d6 10. d5 Nxd2 11. Nxd2 e5 12. b4 Nd7 13. Nb3 Ba6 14. c5 bxc5 15.
bxc5 Bg5 16. Rc2 f5 17. c6 Nb6 18. Re1 Qe8 19. e4 f4 20. Nd2 Bc8 21. Nf3 Bd8 22.
h3 h5 23. h4 a5 24. a4 Qg6 25. Kh2 Rf7 26. Rb2 Nc4 27. Rb3 Bg4 28. Nb5 Nb6 29.
Nc3 Qf6 30. Rf1 Qh6 31. Qd3 Rb8 32. Nb1 g5 33. hxg5 Bxg5 34. Nbd2 fxg3+ 35. fxg3
h4 36. gxh4 Bf4+ 37. Kg1 Rbf8 38. Ra3 Rg7 39. Rf2 Bg3 40. Rf1 Bf4 41. Rf2 Bxf3
42. Nxf3 Bc1 43. Rb3 Nxa4 44. Qe2 Nc5 45. Rc3 Rg3 46. Kf1 Bf4 47. Ke1 Rb8 48.
Qc2 a4 49. Bf1 Qg6 50. Bd3 Be3 51. Rf1 Rg2 52. Be2 Bf4 0-1

[Event "World Youth Open U14 2016"]
[Site "Khanty-Mansiysk RUS"]
[Date "2016.10.02"]
[Round "10.6"]
[White "Yakubboev, Nodirbek"]
[Black "Remizov, Yaroslav"]
[Result "1-0"]
[WhiteElo "2431"]
[BlackElo "2218"]
[WhiteFideId "14203987"]
[BlackFideId "34134015"]
[EventDate "2016.09.22"]

1. e4 d6 2. d4 Nf6 3. Nc3 e5 4. Nge2 Nbd7 5. g3 g6 6. Bg2 Bg7 7. h3 O-O 8. O-O
exd4 9. Nxd4 Re8 10. Re1 Nc5 11. Nb3 Nfd7 12. Bf4 Rb8 13. Qd2 b6 14. Bh6 Bf6 15.
Nd4 Bb7 16. Rad1 Ne6 17. Nb3 a6 18. f4 Ndc5 19. Kh2 b5 20. Nxc5 dxc5 21. e5 Qxd2
22. Rxd2 b4 23. Nd5 Bxd5 24. Bxd5 Bg7 25. Bxe6 Rxe6 26. Bxg7 Kxg7 27. Rd7 Rc6
28. g4 Re8 29. f5 Kg8 30. Kg3 c4 31. Kf4 a5 32. Red1 a4 33. e6 fxe6 34. f6 e5+
35. Kg5 Rf8 36. Rg7+ Kh8 37. Kh6 Rd6 38. Rxd6 cxd6 39. Rxh7+ Kg8 40. Rg7+ Kh8
41. f7 Rxf7 42. Rxf7 Kg8 43. Kxg6 1-0